01378nam a22003617a 4500001001000000003001100010005001700021008004100038020001600079040001800095041000800113050002000121110008400141240003500225245003000260260006400290300003400354500001100388505013300399610005900532650004900591651005100640700003900691700004000730700003200770700002400802700003900826700003200865700002700897700002800924700003300952700003100985BRCA_9263FranzMayer20230717132410.0230714b |||||||| |||| 00| 0 eng d aEn trámte aMFMbespcMFM aesp 0aPQ601bC53 20191 4EditorialaUniversidad del Claustro de Sor JuanabEstudios de Cultura Virreinal1 aProlija Memoria Mayo 2019lesp0 aProlija Memoria Mayo 2019 aCDMX, MéxicobUniversidad del Claustro de Sor Juanac2019 a138 pbIlustracionesc23.5 cm aL60/N50 aDestinado a: Historiadores, investigadores, sociólogos, filólogos, literatosTexto en: españolIncluye índice (temático)1 2Editorial Col.aUNAMbFacultad de filosofía y letras1 2LiteraturaaLiteratura españolavVirreinal 2Nueva EspañaaVirreinalvLiteraturaxEnsayos1 4Dir.aBravo Arriaga, Maria Dolores1 4Col.aCostilla Martínez, Héctor1 4Col.aBravo López, Ulises1 4Col.aKopylov, Ivan1 4Col.aCamacho Quiroz, Rosa María1 4Col.aChávez A., Ezequiel1 4Col.aRincón, Sergio1 4Col.aValenzuela, Jorge1 4Col.aAnn Ailstrock, Barbara1 4Col.ade Lira Luna, Daniel